| 000 | 01229nam a22003137i 4500 | ||
|---|---|---|---|
| 999 |
_c23107 _d23107 |
||
| 003 | AR-CdUCM | ||
| 008 | 241104b20222022 pe||||| |||| 00| 0 spa d | ||
| 020 | _a978-612-00-6683-6 | ||
| 040 |
_aMUNICIPALIDAD PROVINCIAL DEL CUSCO _cBIBLIOTECA MUNICIPAL DEL CUSCO |
||
| 041 | _hspa | ||
| 082 |
_a344 / D52 _bD52 |
||
| 100 |
_aDelgado Otazu, Ericson _950760 |
||
| 245 | _aRepresión de actos lesivos homogéneos y la tutela Jurisdiccional / | ||
| 260 |
_aPerú : _c2022 |
||
| 300 |
_a118 páginas. : _c25 cm |
||
| 500 | _zBibliografía : páginas 109 - 118 | ||
| 505 | _aAspecto generales sobre los derechos fundamentales -- Bases Legales a nivel Nacional e Internacional -- Bases filosóficas -- Actos homogéneos -- Actos lesivos homogéneos -- La tutela jurisdiccional -- Régimen laboral docente desde la legislación peruana -- Educación peruana y nueva ley del profesorado. | ||
| 650 |
_aDerechos _96548 |
||
| 650 |
_aTutela _931907 |
||
| 650 |
_aDocencia _930457 |
||
| 650 |
_aLey _97887 |
||
| 650 |
_aRégimen _936988 |
||
| 650 |
_aBases legales _950761 |
||
| 650 |
_aCódigo procesal _95832 |
||
| 650 |
_aMecanismos _950762 |
||
| 650 |
_aEstado _9738 |
||
| 942 |
_2ddc _cLIBROS |
||
| 945 |
_apbj _d04-11-2024 |
||